Ortega y Gasset y Antonio Machado : (Record no. 195824)

MARC details
000 -LEADER
campo de control de longitud fija 01452naa a22003615i 4500
001 - NÚMERO DE CONTROL
campo de control 195824
003 - IDENTIFICADOR DE NÚMERO DE CONTROL
campo de control ES-MaACL
005 - FECHA Y HORA DE LA ÚLTIMA TRANSACCIÓN
campo de control 20250804074810.0
008 - DATOS DE LONGITUD FIJA--INFORMACIÓN GENERAL
campo de control de longitud fija 240721s2020 sp |||| |||||0|0|0 spa|c
017 ## - NÚMERO DE COPYRIGHT O DE DEPÓSITO LEGAL
Número de copyright o de depósito legal DL AS 00120-2020,
Agencia que asigna Oficina DL Asturias
020 ## - NÚMERO INTERNACIONAL ESTÁNDAR DEL LIBRO
Número Internacional Estándar del Libro 9788417691912
035 ## - NÚMERO DE CONTROL DEL SISTEMA
Número de control de sistema Rebiun29579561
040 ## - FUENTE DE CATALOGACIÓN
Centro catalogador/agencia de origen ES-CaUJI
Lengua de catalogación cat
Normas de descripción rda
Centro/agencia transcriptor ES-CaUJI
100 1# - ENTRADA PRINCIPAL--NOMBRE DE PERSONA
Nombre de persona Menchén, Pedro
9 (RLIN) 146080
245 10 - MENCIÓN DEL TÍTULO
Título Ortega y Gasset y Antonio Machado :
Resto del título El dilema de las dos Españas /
Mención de responsabilidad, etc. Pedro Menchén.
264 #1 - PRODUCCIÓN, PUBLICACIÓN, DISTRIBUCIÓN, FABRICACIÓN Y COPYRIGHT
Producción, publicación, distribución, fabricación y copyright Oviedo :
Nombre del de productor, editor, distribuidor, fabricante Ars Poetica,
Fecha de producción, publicación, distribución, fabricación o copyright 2020
300 ## - DESCRIPCIÓN FÍSICA
Extensión 295 páginas ;
Dimensiones 23 cm
336 ## - TIPO DE CONTENIDO
Término de tipo de contenido Text
Código de tipo de contenido txt
Fuente rdacontent
337 ## - TIPO DE MEDIO
Nombre/término del tipo de medio sin medicación
Código del tipo de medio n
Fuente rdamedia
338 ## - TIPO DE SOPORTE
Nombre/término del tipo de soporte volum
Código del tipo de soporte nc
Fuente rdacarrier
490 1# - MENCIÓN DE SERIE
Mención de serie Sapientia poética
504 ## - NOTA DE BIBLIOGRAFÍA, ETC.
Nota de bibliografía, etc. Referencias bibliográficas (páginas 285-289) e índice
600 14 - PUNTO DE ACCESO ADICIONAL DE MATERIA--NOMBRE DE PERSONA
Nombre de persona Ortega y Gasset, José,
Fechas asociadas al nombre 1883-1955-
Subdivisión general Crítica e interpretación
9 (RLIN) 87505
600 14 - PUNTO DE ACCESO ADICIONAL DE MATERIA--NOMBRE DE PERSONA
Nombre de persona Machado, Antonio,
Fechas asociadas al nombre 1875-1939-
Subdivisión general Crítica e interpretación
9 (RLIN) 75154
650 #7 - PUNTO DE ACCESO ADICIONAL DE MATERIA--TÉRMINO DE MATERIA
Término de materia o nombre geográfico como elemento de entrada Filosofía-
Subdivisión geográfica España-
Subdivisión cronológica S.XX
Fuente del encabezamiento o término
9 (RLIN) 143004
830 ## - PUNTO DE ACCESO ADICIONAL DE SERIE-TÍTULO UNIFORME
Título uniforme Sapientia poética
9 (RLIN) 239744
852 ## - LOCALIZACIÓN
Ubicación ES-MaACL
Sublocalización o colección R.153036
Ubicación en estantería Depósito J
Número de control de estantería N-8837
Donativo/Legado Donación: Pedro Menchén
Encuadernación Encuadernación: rústica con solapas
itemnumber 204683
903 ## - NOMBRE PERSONAL DE DONANTE
9 146080
a Menchén, Pedro
e Donante
942 ## - ELEMENTOS DE ENTRADA SECUNDARIOS (KOHA)
Fuente del sistema de clasificación o colocación Clasificación decimal universal
Tipo de ítem Koha Libro impreso
Suprimir en OPAC No
954 ## - CATALOGADORES
Estado de la copia Tatiana Alejandra de Castro Pérez
Holdings
Estatus retirado Estado de pérdida Fuente del sistema de clasificación o colocación Estado de daño No para préstamo Biblioteca de origen Biblioteca actual Ubicación en estantería Fecha de adquisición Fuente de adquisición Total de préstamos Signatura topográfica completa Código de barras Visto por última vez Precio de reemplazo Tipo de ítem Koha
    Clasificación decimal universal     Biblioteca del Ateneo de Madrid Biblioteca del Ateneo de Madrid Depósito J 07/03/2025 Donación   N-8837 101229532 07/03/2025 07/03/2025 Libro impreso